Normal view
MARC view
Entry Topical Term
001 - CONTROL NUMBER
- control field: 27268
003 - CONTROL NUMBER IDENTIFIER
- control field: dpl
005 - DATE AND TIME OF LATEST TRANSACTION
- control field: 20110413152353.0
008 - FIXED-LENGTH DATA ELEMENTS
- fixed length control field: 110413|||a|||||| | ||| d
040 ## - CATALOGING SOURCE
- Original cataloging agency: dpl
- Transcribing agency: dpl
150 ## - HEADING--TOPICAL TERM
- Topical term or geographic name as entry element: हिन्दी निबन्ध
670 ## - SOURCE DATA FOUND
- Source citation: Work cat.: (dpl): शर्मा, पवित्रकुमार 27262, अभिनव हिन्दी निबन्ध /, 2011
670 ## - SOURCE DATA FOUND
- Source citation: Work cat.: (dpl): शर्मा, पवित्रकुमार 27262, अभिनव हिन्दी निबन्ध /, 2011
